LEADER 01156nam a2200265 i 4500 001 000000034125 003 CaOOAMICUS 005 20220322103901.0 008 080405s1965 it u000 u ita u 013 $a280 040 $aSeMil$bita 100 1 $aSaint-Exupéry, Antoine : de,$d<1900-1944>.$0(OLS)http://semarc/name/15573 240 13$aLe petit prince.$0(OLS)http://semarc/title/45992 245 13$aIl piccolo principe /$cdi Antoine de Saint-Exupéry. 250 $a9. ed. 264 1$aMilano :$bBompiani,$c1965. 300 $a125 p. :$bill. ;$c21 cm. 490 1 $aI delfini d'acciaio : i più famosi libri moderni per i giovani ;$v7 650 4$aSaint-Exupéry, Antoine : de <1900-1944> . Il Piccolo Principe.$0(OLS)http://semarc/subject/48023 830 2$aI delfini d'acciaio : i più famosi libri moderni per i giovani ;$v7.$0(OLS)http://semarc/title/24643 850 $aSeMil 852 $aSeMil$W1$xVenegono$y1$m1V V 95$j280$B280$CSeMilBibl$Z2$F280 $81 996 $6245$aIl piccolo principe$9(OLS)http://semarc/title/45991 996 $6264$aMilano :$bBompiani$9(OLS)http://semarc/publisher/29706 LEADER 01106nam a2200253 i 4500 001 000000190398 003 CaOOAMICUS 005 20100614000000.0 008 100614s1959 it u000 u ita u 013 $a168792 040 $aSeMil$bita 100 1 $aPoinsenet, Marie-Dominique.$0(OLS)http://semarc/name/36794 240 10$aDe l'anxiété a la Sainteté Louise De Marillac.$0(OLS)http://semarc/title/274289 245 10$aDall'angoscia alla santità Luisa De Marillac /$cM. D. Poinsenet. 260 $aBari :$bEdizioni Paoline,$cstampa 1959. 300 $a412 p., [25] p. di tav. ;$c19 cm. 490 0 $aGens sancta. 2. serie 500 $aContiene : Appendice. 600 04$aLuisa : di Marillac .$0(OLS)http://semarc/subject/9821 830 0$aGens sancta. 2. serie.$0(OLS)http://semarc/title/31373 850 $aSeMil 852 $aSeMil$W1$xVenegono$y1$m3H I 359$j141017$B141017$CSeMilBibl$Z2$F152639 $81 996 $6245$aDall'angoscia alla santità Luisa De Marillac$9(OLS)http://semarc/title/274288 996 $6260$aBari :$bEdizioni Paoline$9(OLS)http://semarc/publisher/35915